[Event "Mittelfranken-chTB2a 1819"]
[Site "Mittelfranken"]
[Date "2019.04.28"]
[Round "9.5"]
[White "Ries, Maximilian"]
[Black "Ross, Sandra"]
[Result "1-0"]
[WhiteElo "1613"]
[BlackElo "1721"]
[PlyCount "99"]
[EventDate "2018.10.14"]
[EventType "team-tourn"]
[EventRounds "9"]
[EventCountry "GER"]
[SourceTitle "EXT 2022"]
[Source "ChessBase"]
[SourceDate "2021.10.06"]
[SourceVersion "1"]
[SourceVersionDate "2021.10.06"]
[SourceQuality "1"]
[WhiteTeam "Dinkelsbuehl"]
[BlackTeam "Jaecklechemie SC"]
[WhiteTeamCountry "GER"]
[BlackTeamCountry "GER"]

1. d4 Nf6 2. Nf3 e6 3. Bf4 b6 4. e3 Bb7 5. Nbd2 Bd6 6. Ne5 Be7 7. Bd3 d6 8. Nef3 c5 9. c3 Nc6 10. 0-0 Nh5 11. Bg3 Nxg3 12. fxg3 0-0 13. Qc2 g6 14. Rf2 cxd4 15. exd4 Rc8 16. Raf1 Nb4 17. Qb1 Nxd3 18. Qxd3 Rc7 19. Qe3 Bd5 20. a3 b5 21. h4 a5 22. Qe2 Qd7 23. Nh2 h5 24. Nhf3 b4 25. axb4 axb4 26. c4 Bc6 27. b3 Ra7 28. Qe3 Kg7 29. Ng5 Bxg5 30. Qxg5 Qe7 31. Rf6 e5 32. g4 hxg4 33. h5 Be8 34. d5 g3 35. Qxg3 Qxf6 36. Rxf6 Kxf6 37. hxg6 Ra1+ 38. Kf2 fxg6 39. Ke3 Ke7 40. Ne4 Rf4 41. Qg5+ Kf8 42. Nxd6 Rb1 43. Qxe5 Re1+ 44. Kxf4 Rxe5 45. Kxe5 Bd7 46. c5 Ke7 47. Ne4 Bg4 48. d6+ Kd8 49. Kd5 Bd1 50. Kc4 1-0

[Event "Mittelfranken-chTB2a 1819"]
[Site "Mittelfranken"]
[Date "2019.02.10"]
[Round "5.5"]
[White "Ries, Maximilian"]
[Black "Lang, Christoph"]
[Result "0-1"]
[WhiteElo "1613"]
[BlackElo "1905"]
[PlyCount "60"]
[EventDate "2018.10.14"]
[EventType "team-tourn"]
[EventRounds "9"]
[EventCountry "GER"]
[SourceTitle "EXT 2022"]
[Source "ChessBase"]
[SourceDate "2021.10.06"]
[SourceVersion "1"]
[SourceVersionDate "2021.10.06"]
[SourceQuality "1"]
[WhiteTeam "Dinkelsbuehl"]
[BlackTeam "Ansbach/Bad Windsheim"]
[WhiteTeamCountry "GER"]
[BlackTeamCountry "GER"]

1. e4 c6 2. d4 d5 3. exd5 cxd5 4. Bd3 Nc6 5. Ne2 Nf6 6. Bf4 e6 7. a3 Bd6 8. Bxd6 Qxd6 9. Nd2 0-0 10. 0-0 a6 11. Nf3 Re8 12. c3 Bd7 13. Ng3 Rac8 14. Re1 Na5 15. Ne5 Bb5 16. Bc2 Qe7 17. Nh5 Nc4 18. Nxf6+ Qxf6 19. Qh5 g6 20. Ng4 Qe7 21. Qh3 Nxb2 22. Re3 Nc4 23. Rf3 f5 24. Ne5 Nxe5 25. dxe5 d4 26. g4 fxg4 27. Qxg4 Be2 28. Rb1 Bxf3 29. Qxf3 Rxc3 30. Qe4 b5 0-1

[Event "Mittelfranken-chTB2a 1819"]
[Site "Mittelfranken"]
[Date "2018.10.14"]
[Round "1.5"]
[White "Ries, Maximilian"]
[Black "Rausch, Wolfgang1111"]
[Result "1-0"]
[WhiteElo "1613"]
[BlackElo "1777"]
[PlyCount "119"]
[EventDate "2018.10.14"]
[EventType "team-tourn"]
[EventRounds "9"]
[EventCountry "GER"]
[SourceTitle "EXT 2022"]
[Source "ChessBase"]
[SourceDate "2021.10.06"]
[SourceVersion "1"]
[SourceVersionDate "2021.10.06"]
[SourceQuality "1"]
[WhiteTeam "Dinkelsbuehl"]
[BlackTeam "Nuernberg Sued SW IV"]
[WhiteTeamCountry "GER"]
[BlackTeamCountry "GER"]

1. e4 c6 2. d4 d5 3. exd5 cxd5 4. Nc3 Nc6 5. Nf3 Nf6 6. Bf4 Bg4 7. Be2 e6 8. 0-0 Rc8 9. Ne5 Bxe2 10. Nxe2 Be7 11. c3 0-0 12. Ng3 Na5 13. Re1 Nc4 14. Nxc4 Rxc4 15. Qe2 Rc6 16. Nf5 Nd7 17. Nxe7+ Qxe7 18. Qg4 f6 19. Rad1 Re8 20. Rd3 Nf8 21. Rg3 Qd7 22. Qh4 Ng6 23. Qg4 Re7 24. Bd2 Rf7 25. h4 f5 26. Qg5 Qe7 27. Qxe7 Rxe7 28. h5 Nf8 29. h6 g6 30. Bg5 Re8 31. Rge3 Kf7 32. Rc1 Rec8 33. Rce1 b5 34. b4 Rxc3 35. Bf4 Rxe3 36. Rxe3 Rc6 37. Be5 Nd7 38. Bg7 a6 39. Rf3 Nb6 40. g4 Na4 41. gxf5 exf5 42. Re3 Rc4 43. a3 Nb2 44. Be5 Rc1+ 45. Kg2 Nc4 46. Re2 Ra1 47. Bc7 Rxa3 48. Bd8 g5 49. Bxg5 Kg6 50. f4 Re3 51. Ra2 Re6 52. Kf3 a5 53. bxa5 Ra6 54. Rg2 Kf7 55. Re2 Ra7 56. Bd8 b4 57. Rg2 Kf8 58. Rg7 Ra8 59. Be7+ Ke8 60. Rg8+ 1-0